| 000 | 00351nam a2200109Ia 4500 | ||
|---|---|---|---|
| 008 | 220203s9999 xx 000 0 und d | ||
| 100 | _aV. Haridasan | ||
| 245 | 0 | _aFamily Budget and Social Security Benefits of Rubber Plantation Workers in India | |
| 260 |
_bRubber Research Institute of India _aKottayam _c1967 |
||
| 650 | _aAdministration | ||
| 942 | _cPN | ||
| 999 |
_c45092 _d45092 |
||